00696pam a2200229 i 4500001000800000005001700008008004100025010001700066020001500083040001800098041000800116060001500124080001200139082001200151100000600163101000800169245011400177906004500291942001200336999001700348952010100365128881820180813090039.0760617s1976 paua b 001 0 eng  a 76008574  a0721636152 aDLCcDLCdDLC aeng aWG220 A882 a616.12500a616.125 a7 aKAR00aAtrioventricular canal defects /ceditor, Robert H. Feldt ; associate editors, Dwight C. McGoon ... [et al.]. a7bcbccorignewd1eocipf19gy-gencatlg 2ddccBK c47066d47066 00102ddc4070a002b002d2018-08-13l0o616.125 FELp002-3010917r2018-08-13w2018-08-13yBK